000 04508cam a2200409 4500500
005 20260111112422.0
041 _afre
042 _adc
100 1 0 _aEscaich, Mélanie
_eauthor
700 1 0 _aBouznah, Serge
_eauthor
700 1 0 _aMoro, Marie Rose
_eauthor
700 1 0 _aLachal, Jonathan
_eauthor
245 0 0 _aEvaluation qualitative d’un dispositif de médiation transculturelle
260 _c2020.
500 _a25
520 _aEn France, une consultation de médiation transculturelle a été mise en place au sein des services pédiatriques de l’hôpital Necker à Paris pour aider à résoudre les difficultés dans la prise en charge des patients migrants souffrant de maladies chroniques. Cette étude a pour objet de présenter les résultats de l’évaluation qualitative de cette consultation.10 situations ont été étudiées, et 15 entretiens avec les médecins et les familles analysés au moyen de l’IPA. Les résultats mettent en évidence un apaisement dans les relations entre patients et soignants, une amélioration de la compréhension mutuelle et une confiance accrue des soignants envers les compétences des familles. Toutefois, les médecins restent dépendants de l’intervention de l’équipe transculturelle pour la gestion des nouvelles situations.Les résultats montrent l’efficience de ce type d’intervention pour le système de santé et plaident en faveur de son développement à d’autres hôpitaux. Nous préconisons que des dispositifs semblables soient mis en place dans tous les établissements accueillant une grande proportion de patients migrants.
520 _aIn France, a transcultural mediation consultation program has been set up in the paediatric department in Necker Hospital in Paris to help tackle difficulties in initiating and maintaining care for immigrant patients with chronic conditions. The objective of this study was to assess the qualitative impact of these consultations.10 cases were studied, and 15 interviews with physicians and families after the consultations were analysed using IPA.The results showed lesser tension in the relationships between patients/families and professionals, and there was improved mutual understanding and increased confidence on the part of the professionals in the families› abilities. Nonetheless, physicians continue to depend on the intervention of the transcultural team in the management of new cases.These results show the efficacy of this type of intervention for the health-care system and make the case for its development in other hospitals. We recommend that this program be set up in all medical facilities receiving patients from immigrant populations.
520 _aEn Francia, se estableció una consulta de mediación intercultural en el departamento de pediatría del Hospital Necker en París para ayudar a resolver las dificultades en la atención de pacientes migrantes que padecen enfermedades crónicas. Este estudio tiene como objetivo presentar los resultados de la evaluación cualitativa de esta consulta.Se estudiaron 10 situaciones y se analizaron 15 entrevistas con médicos y familias utilizando el IPA. Los hallazgos destacan una forma de apaciguamiento de las relaciones entre pacientes y el personal de salud, una mejor comprensión mutua y una mayor confianza del personal en las habilidades familiares. Sin embargo, los médicos siguen dependiendo de la intervención del equipo transcultural para el manejo de las nuevas situaciones.Los resultados muestran la eficiencia de este tipo de intervención para el sistema de salud y respaldarían su eventual desarrollo en otros hospitales. La recomendación que surge de este estudio es la implementación de dispositivos similares en todos los establecimientos con una alta proporción de pacientes migrantes.
690 _aconsultation
690 _aculture
690 _amaladies chroniques
690 _amédiation thérapeutique
690 _amigrant
690 _apédiatrie
690 _arecherche clinique
690 _arelation soignant-soigné
690 _acaregiver-patient relationship
690 _achronic illness
690 _aclinical research
690 _aconsultation
690 _aculture
690 _amigrants
690 _apaediatrics
690 _atherapeutic mediation
786 0 _nL'autre | Volume 21 | 1 | 2020-03-12 | p. 30-41 | 1626-5378
856 4 1 _uhttps://shs.cairn.info/revue-l-autre-2020-1-page-30?lang=fr&redirect-ssocas=7080
999 _c1632222
_d1632222